Una década de investigación en convivencia escolar.

Spremljeno u:
Bibliografski detalji
Glavni autor: Ascorra Costa, Paula (editora)
Daljnji autori: López Leiva, Verónica Alejandra (editora)
Format: Knjiga
Izdano: Valparaíso, Chile: Ediciones Universitarias de Valparaíso, 2019.
Serija:Arbitrada
Teme:
Oznake: Dodaj oznaku
Bez oznaka, Budi prvi tko označuje ovaj zapis!

MARC

LEADER 00000nam a22000007a 4500
003 CL-VaPUC
005 20240610170625.0
008 221102t2019 ||||| |||| 00| 0 eng d
999 |c 439236  |d 439234 
020 |a 978-956-17-0843-3 
040 |c Pontificia Universidad Católica de Valparaíso 
082 0 4 |2 22  |a 370.983 ASC 2019 
100 1 |a Ascorra Costa, Paula  |e editora  |9 878106 
245 1 4 |a Una década de investigación en convivencia escolar. 
260 |a Valparaíso, Chile:  |b  Ediciones Universitarias de Valparaíso,  |c 2019. 
300 |a 203 páginas. 
490 0 |a Arbitrada 
500 |a c.FHP. Donación Fernando Vergara Biblioteca Budge. 
583 |c 20221102  |k Catalogador Asistente 
650 1 |a Ambiente de clases  |z Chile  |9 878721 
650 1 |a Convivencia escolar  |z Chile  |9 878725 
650 1 |a Ambiente educativo  |z Chile  |9 878722 
650 1 |a Educación   |x Aspectos sociales  |z Chile  |9 868998 
650 1 |a Investigación educativa  |z Chile  |9 878723 
650 1 |a Prevención de la violencia escolar  |z Chile  |9 878724 
700 |a López Leiva, Verónica Alejandra  |e editora  |9 878107 
942 |2 ddc  |c BK 
952 |0 0  |1 0  |2 ddc  |4 0  |6 370_983000000000000_ASC_2019  |7 0  |8 X  |9 587492  |a FDOBUD  |b FDOBUD  |d 2022-11-02  |e Donación  |i 5655398  |o 370.983 ASC 2019  |p 5655398  |r 2022-11-02  |w 2022-11-02  |y BK_X  |k FHP